มุมมองปกติ
มุมมองแบบ MARC
- Osaka
รายการ Geographic Name
001 - CONTROL NUMBER
- control field: 62189
003 - CONTROL NUMBER IDENTIFIER
- control field: NALT
005 - DATE AND TIME OF LATEST TRANSACTION
- control field: 20231123155714.0
008 - FIXED-LENGTH DATA ELEMENTS
- fixed length control field: 231123|| aca||aabn | a|a d
040 ## - CATALOGING SOURCE
- Original cataloging agency: NALT
151 #4 - HEADING--GEOGRAPHIC NAME
- Geographic name: Osaka
- General subdivision: ภูมิประเทศและการท่องเที่ยว
